Elección de política contable en el marco de la NIC 16 "Propiedades, planta y equipo" (Registro nro. 12327)

Detalles MARC
000 -LEADER
fixed length control field 00412 a2200133 4500
001 - CONTROL NUMBER
control field ART_44793
005 - DATE AND TIME OF LATEST TRANSACTION
control field 20260410161629.0
008 - FIXED-LENGTH DATA ELEMENTS--GENERAL INFORMATION
fixed length control field 260409a
100 1# - MAIN ENTRY--PERSONAL NAME
Personal name Suardi, Diana
245 10 - TITLE STATEMENT
Title Elección de política contable en el marco de la NIC 16 "Propiedades, planta y equipo"
700 1# - ADDED ENTRY--PERSONAL NAME
Personal name Bertolino, Gisela
700 1# - ADDED ENTRY--PERSONAL NAME
Personal name Díaz, Teresa
773 0# - HOST ITEM ENTRY
Title Enfoques
Related parts - Nº 12 (dic. 2017)
Record control number REV416

No hay ítems disponibles.